<?xml version="1.0" encoding="UTF-8"?>
<record
    xmlns:xsi="http://www.w3.org/2001/XMLSchema-instance"
    xsi:schemaLocation="http://www.loc.gov/MARC21/slim http://www.loc.gov/standards/marcxml/schema/MARC21slim.xsd"
    xmlns="http://www.loc.gov/MARC21/slim">

  <leader>00805cam a2200217 i 4500</leader>
  <datafield tag="999" ind1=" " ind2=" ">
    <subfield code="c">6850</subfield>
    <subfield code="d">6850</subfield>
  </datafield>
  <datafield tag="020" ind1=" " ind2=" ">
    <subfield code="a">9789864930845</subfield>
    <subfield code="c">NT$360</subfield>
  </datafield>
  <datafield tag="100" ind1="1" ind2=" ">
    <subfield code="a">&#x5468;&#x606C;&#x5F18;</subfield>
  </datafield>
  <datafield tag="245" ind1="1" ind2="0">
    <subfield code="a">&#x767D;&#x8272;&#x5371;&#x6A5F; :</subfield>
    <subfield code="b">&#x6211;&#x5011;&#x8A72;&#x5982;&#x4F55;&#x9762;&#x5C0D;&#x9AD8;&#x9F61;&#x793E;&#x6703;&#x3001;&#x91AB;&#x75C5;&#x95DC;&#x4FC2;&#x3001;&#x91AB;&#x7642;&#x8B8A;&#x9077;&#x7684;&#x7A2E;&#x7A2E;&#x554F;&#x984C;? /</subfield>
    <subfield code="c">&#x5468;&#x606C;&#x5F18;&#x8457;</subfield>
  </datafield>
  <datafield tag="260" ind1=" " ind2=" ">
    <subfield code="a">&#x81FA;&#x5317;&#x5E02; :</subfield>
    <subfield code="b">&#x555F;&#x52D5;&#x6587;&#x5316;,</subfield>
    <subfield code="c">2018.05.</subfield>
  </datafield>
  <datafield tag="300" ind1=" " ind2=" ">
    <subfield code="a">299 &#x9762; :</subfield>
    <subfield code="b">&#x5716; ;</subfield>
    <subfield code="c">21 &#x516C;&#x5206;</subfield>
  </datafield>
  <datafield tag="490" ind1="0" ind2=" ">
    <subfield code="a">On Value ;</subfield>
    <subfield code="v">28.</subfield>
  </datafield>
  <datafield tag="942" ind1=" " ind2=" ">
    <subfield code="2">ccl</subfield>
    <subfield code="c">BOOK</subfield>
  </datafield>
  <datafield tag="952" ind1=" " ind2=" ">
    <subfield code="0">0</subfield>
    <subfield code="1">0</subfield>
    <subfield code="2">ccl</subfield>
    <subfield code="4">0</subfield>
    <subfield code="7">0</subfield>
    <subfield code="a">yeezen</subfield>
    <subfield code="b">yeezen</subfield>
    <subfield code="c">YEEZEN</subfield>
    <subfield code="d">2018-07-17</subfield>
    <subfield code="l">0</subfield>
    <subfield code="o">419.47</subfield>
    <subfield code="p">C02428</subfield>
    <subfield code="r">2018-07-17 00:00:00</subfield>
    <subfield code="w">2018-07-17</subfield>
    <subfield code="y">BOOK</subfield>
    <subfield code="z">&#x25CE;&#x91AB;&#x7642;&#x8A34;&#x8A1F;&#xFF1A; &#x3000;&#x3000;&#x5C07;&#x8FD1;&#x4E5D;&#x6210;&#x7684;&#x53D7;&#x8A2A;&#x91AB;&#x5E2B;&#x6703;&#x63A1;&#x53D6;&#x300C;&#x9632;&#x79A6;&#x6027;&#x91AB;&#x7642;&#x300D;&#x4F86;&#x81EA;&#x4FDD;&#xFF0C;&#x57F7;&#x884C;&#x6BD4;&#x81E8;&#x5E8A;&#x5FC5;&#x8981;&#x66F4;&#x591A;&#x7684;&#x6AA2;&#x67E5;&#xFF0C;&#x53CD;&#x800C;&#x589E;&#x52A0;&#x4E86;&#x75C5;&#x4EBA;&#x8A3A;&#x7642;&#x904E;&#x7A0B;&#x7684;&#x98A8;&#x96AA;&#x4EE5;&#x53CA;&#x91AB;&#x7642;&#x6210;&#x672C;&#x3002;&#x751A;&#x81F3;&#xFF0C;&#x91AB;&#x5E2B;&#x70BA;&#x4E86;&#x907F;&#x514D;&#x9047;&#x5230;&#x91AB;&#x7642;&#x7CFE;&#x7D1B;&#x7684;&#x9EBB;&#x7169;&#xFF0C;&#x800C;&#x4E0D;&#x9858;&#x6CBB;&#x7642;&#x9AD8;&#x98A8;&#x96AA;&#x7684;&#x75C5;&#x4EBA;&#x3002;  &#x3000;&#x3000;&#x25CE;&#x5C08;&#x79D1;&#x91AB;&#x5E2B;&#x7F3A;&#x4EBA;&#xFF1A; &#x3000;&#x3000;&#x5E74;&#x8F15;&#x4E00;&#x8F29;&#x91AB;&#x5E2B;&#x4E0D;&#x9858;&#x610F;&#x8D70;&#x5167;&#x3001;&#x5916;&#x3001;&#x5A66;&#x3001;&#x5152;&#x8207;&#x6025;&#x8A3A;&#x9019;&#x4E94;&#x5927;&#x5C08;&#x79D1;&#xFF0C;&#x6700;&#x4E3B;&#x8981;&#x7684;&#x539F;&#x56E0;&#x662F;&#x4E94;&#x5927;&#x79D1;&#x91AB;&#x5E2B;&#x8655;&#x7406;&#x7684;&#x75C5;&#x60C5;&#x591A;&#x534A;&#x6BD4;&#x8F03;&#x8907;&#x96DC;&#xFF0C;&#x81E8;&#x5E8A;&#x8CAC;&#x4EFB;&#x8F03;&#x91CD;&#xFF0C;&#x751F;&#x6D3B;&#x54C1;&#x8CEA;&#x8F03;&#x5DEE;&#xFF0C;&#x4F46;&#x5065;&#x4FDD;&#x7D66;&#x4ED8;&#x537B;&#x76F8;&#x5C0D;&#x5C11;&#x3002;&#x6B64;&#x5916;&#xFF0C;&#x4E94;&#x5927;&#x79D1;&#x91AB;&#x5E2B;&#x9762;&#x81E8;&#x6108;&#x4F86;&#x6108;&#x983B;&#x7E41;&#x7684;&#x91AB;&#x7642;&#x7CFE;&#x7D1B;&#x98A8;&#x96AA;&#xFF0C;&#x4E5F;&#x662F;&#x8B93;&#x8CC7;&#x6DF1;&#x91AB;&#x5E2B;&#x840C;&#x751F;&#x96E2;&#x610F;&#xFF0C;&#x4F7F;&#x5E74;&#x8F15;&#x91AB;&#x5E2B;&#x671B;&#x4E4B;&#x537B;&#x6B65;&#x7684;&#x4E3B;&#x8981;&#x539F;&#x56E0;&#x3002;</subfield>
  </datafield>
</record>
